| 000 | 00701nam a2200241Ia 4500 | ||
|---|---|---|---|
| 003 | OSt | ||
| 005 | 20220925221501.0 | ||
| 006 | a|||||r|||| 00| 0 | ||
| 007 | ta | ||
| 008 | 220923b |||||||| |||| 00| 0 eng d | ||
| 037 | _cGeneral Book | ||
| 040 |
_aRTL _cRTL _beng |
||
| 041 |
_2eng _aeng |
||
| 082 | _aX:3M24xM18:g, L1 | ||
| 100 |
_aMeszaros Istvan _962179 |
||
| 245 | 0 | _aNecessity of social control | |
| 260 |
_aLondon _bMerlin Press _c1971 |
||
| 300 |
_a70p _ccm. |
||
| 490 | _aDeutscher (Isaac), memorial lecture. 1971 | ||
| 650 |
_aEconomiocs Classes Karl Marx _9235810 |
||
| 942 |
_hX:3M24xM18:g, L1 _cGB _2CC |
||
| 999 |
_c574405 _d574405 |
||